00690nam a22001817a 4500020001500000040000900015082001700024100003200041110004900073245003600122250001600158260004200174650004700216942001200263999001900275952010600294952010800400 a8129705818 cNUST a621.3815 BOG a Bogart, Theodore F.983343 a Beasley, Jeffrey S Rico, Guillermo998770 aElectronic Devices and Circuits a6th Edition aNEW DELHI:bPEARSON EDUCATION,c2004. aElectronic Apparatus and Appliances910193 2ddccBK c591353d591353 00102ddc4070aCEMEbCEMEcGENd2022-09-02l0o621.3815 BOGpCEME-41589r2022-09-02w2022-09-02yBK 00102ddc4070aCEMEbCEMEcGENd2022-09-02l0o621.3815 BOGpCEME-41589-Ar2022-09-02w2022-09-02yBK